000 00217nam a22000977a 4500
082 _a005.3 WRI'S
245 _aWRITING FCODE PROGRAMS , VERSION 2.X
260 _aUSA
_bSUNSOFT
_c1994
300 _aXVI,414P
942 _cBK
999 _c575366
_d575366